Category elimination - League of legends champions - Statistics

General Stats
  • This quiz has been taken 150 times
  • The average score is 15 of 20
Answer Stats
Groupe # Catégorie % Correct
Vert 45 Champion playing midlane
99%
Vert 36 ...with mainly magical damage
99%
Vert 17 ... is 5 letters or less
97%
Orange 133 Champion released before 2017
96%
Orange 55 ... starting with O or after (in alphabetical order)
93%
Vert 8 ...which contains the letter E
89%
Bleu 98 Champion with at least one dash
88%
Violet 141 Champion that use mana
83%
Violet 67 ... with mainly physical damage
81%
Violet 29 ...played in botlane
81%
Bleu 62 ... whose ult does not allow dashing
80%
Violet 5 ...who can become invisible
79%
Orange 13 ... without mana
78%
Bleu 21 ... without any control spell (except slow)
67%
Orange 4 ... played in jungle
53%
Bleu 10 ... is a melee champion
51%
Vert 1 ... released in 2023 Hwei
50%
Violet 1 ... whose W(Z) has only a passive Vayne
50%
Orange 1 ... from Demacia Shyvana
34%
Bleu 1 ... is exactly 4 letters long Gwen
15%
No matching quizzes found
Score Distribution
Percent of People with Each Score
Percentile by Number Answered
Your Score History
You have not taken this quiz